Trabajo, memoria y experiencia: fuentes para la historia de la modernización del puerto de Valparaíso

Gorde:
Xehetasun bibliografikoak
Egile Nagusiak: Aravena, Pablo (Egilea), Cataldo, Bernardo (Egilea), Contreras, Nayadet (Egilea), Villanueva, Alejandra (Egilea)
Formatua: Liburua
Hizkuntza:gaztelania
Argitaratua: Valparaíso Fondart 2006
Edizioa:1a. ed
Gaiak:
Etiketak: Etiketa erantsi
Etiketarik gabe, Izan zaitez lehena erregistro honi etiketa jartzen!

MARC

LEADER 00000nam a2200000 a 4500
001 UCJ0619
003 CL-VaPUC
008 060825e20060000CL |||||||||||||||||spa|d
020 |a 9563101855 
082 0 4 |a 983.255  |b ARA  |2 21 
100 0 |a Aravena, Pablo  |e author  |9 500819 
700 0 |a Cataldo, Bernardo  |e author  |9 500820 
700 0 |a Contreras, Nayadet  |e author  |9 500821 
700 0 |a Villanueva, Alejandra  |e author  |9 500822 
245 1 0 |a Trabajo, memoria y experiencia: fuentes para la historia de la modernización del puerto de Valparaíso 
250 |a 1a. ed 
300 |a 321 p 
942 |c BK 
945 |d 20060825 00:00:00  |a jtorresc 
260 |a Valparaíso  |b Fondart  |c 2006 
650 0 |a Historia de Valparaíso  |9 460237 
650 0 |a Desarrollo cultural  |9 267526 
650 0 |a Costumbres y tradiciones   |9 268292 
650 7 |a MEMORIAS  |2 CL-VaPUC  |9 269159 
650 7 |a DESARROLLO URBANO  |2 CL-VaPUC  |9 500823 
651 7 |a CHILE  |2 CL-VaPUC  |9 500824 
651 0 |a Valparaíso, Chile  |9 261144 
583 |a last modification  |c 20140408 08:58:55  |k Rodrigo Vera 
999 |c 317384  |d 317382 
952 |0 0  |1 0  |4 0  |6 983_255000000000000_ARA_2006  |7 0  |8 A  |9 393717  |a BIBHIS  |b BIBHIS  |d 2019-11-22  |i 4262638  |o 983.255 ARA 2006  |p 4262638  |r 2025-01-20  |w 2019-11-22  |y BK  |k HIS 
952 |0 0  |1 0  |4 0  |6 983_255000000000000_ARA_2006  |7 0  |8 A  |9 393718  |a BIBHIS  |b BIBHIS  |d 2019-11-22  |i 4363221  |o 983.255 ARA 2006  |p 4363221  |r 2025-01-20  |w 2019-11-22  |y BK  |k HIS 
952 |0 0  |1 0  |4 0  |6 983_255000000000000_ARA_2006  |7 0  |8 X  |9 393719  |a FDOBUD  |b FDOBUD  |d 2019-11-22  |i 457804K  |o 983.255 ARA 2006  |p 457804K  |r 2019-11-22  |w 2019-11-22  |y BK_X  |k BUD 
952 |0 0  |1 0  |4 0  |6 983_255000000000000_ARA_2006  |7 0  |8 A  |9 393720  |a FDOPOS  |b FDOPOS  |d 2019-11-22  |i 4753631  |o 983.255 ARA 2006  |p 4753631  |r 2025-01-22  |w 2019-11-22  |y BK  |k DLH